| 000 | 00716nam a2200241 a 4500 | ||
|---|---|---|---|
| 005 | 20210219152917.0 | ||
| 008 | 991125n 000 0 eng u | ||
| 035 | _aUPN01000066844 | ||
| 100 | _aOmizo, Sharon A. | ||
| 222 | _aSCHOOL COUNSELOR | ||
| 245 | _aCareer and vocational assessment information for program planning and counseling for students with disabilities | ||
| 300 | _a32-39 | ||
| 362 | _a1992 40, No. 1 | ||
| 505 | _aMarzo 1993 | ||
| 653 | 0 | _aASESORIA | |
| 653 | 0 | _aCARACTERISTICAS DEL ESTUDIANTE | |
| 653 | 0 | _aDEFICIENCIAS ESCOLARES | |
| 653 | 0 | _aEXPLORACION PROFESIONAL | |
| 653 | 0 | _aVOCATIONAL INTERESTS | |
| 700 | _aOmizo, Michael M. | ||
| 904 |
_aAC _b004655 |
||
| 905 | _aArticulo | ||
| 999 |
_c63690 _d63690 |
||